| 000 | 00830nam a22002057a 4500 | ||
|---|---|---|---|
| 003 | OSt | ||
| 005 | 20260530113909.0 | ||
| 008 | 260420b2006 |||a|||| |||| 00| 0 eng d | ||
| 020 | _a9781592531936 | ||
| 040 |
_aICI _bspa _cICI |
||
| 050 |
_aNA2540 _bM45 |
||
| 100 |
_aMcMorrough, Julia, _eautor _933228 |
||
| 245 |
_aMaterials, structures, and standards : _ball the details architects need to know but can never find / _cJulia McMorrough |
||
| 260 |
_aGloucester, Massachusetts : _bRockport Publishers, _c2006 |
||
| 300 |
_a 272 páginas _b ilustraciones _c21cm. |
||
| 505 | _a Measure and drawing -- Proportion and form -- Codes and guidelines -- Systems and components -- Characteristics of materials -- Compendium | ||
| 650 |
_aArquitectura _vManuales _933229 |
||
| 650 |
_aConstrucción _vManuales _933230 |
||
| 942 |
_2lcc _cBK _n0 |
||
| 999 |
_c12085 _d12085 |
||